000 00443cam a2200169ua 4500
020 _c2195.00
041 _aeng
_h
082 _a551.49
_bMAH/GR
100 _aMahajan, Gautam .
245 _aGround water surveys and investigation /
_cGautam Mahajan.
_hTextual Documents
260 _aNewdelhi :
_bAPH publishing corporation ,
_c2009.
300 _a ; .
365 _a2195.00
504 _a
942 _cBK
999 _c13421
_d13421